000 00486cam a2200193ua 4500
001 2075
005 20260515113437.0
008 110806n ii |||gr||||Z||||||eng
040 _cMAIN
082 _a370.54
100 _aAgarwal, J. C.,
_eAuthor.
245 1 _aEducation in emerging india
_cby J. c. Agarwal
250 _a1st.
260 _aDelhi:
_bDoaba House,
_c2001.
300 _aviii; 223p:
_c23cm.
653 _aEducation
653 _aEducation in emerging india
942 _cBK
999 _c1943
_d1943